000 00773nam a22002057a 4500
999 _c18388
_d18388
005 20251125232906.0
008 s2543 th tha d
040 _aNALT
041 _atha
245 1 0 _aกฎหมายธุรกิจลาว
260 3 _aม.ป.ท. :
_bสมาคมไทย-ลาว,
_c2543
300 _a626 หน้า :
_b ตาราง ;
_c 26 ซม.
650 0 4 _aกฎหมายธุรกิจ -- ลาว
650 0 4 _aการลงทุนของต่างประเทศ -- ลาว
850 _aNALT
856 4 0 _uhttps://hdl.handle.net/20.500.14156/449361
_71
942 _cLB
_2lcc
998 _j25
_k นีลวัสน์ อินทรักษา
090 _aKS61.L28 ส293ก 2543